Desarrollo politico y desarrollo economico : los casos de Chile y Colombia /

Saved in:
Bibliographic Details
Main Author: Garces, Joan E.
Format: Book
Language:English
Published: Madrid : Editorial Tecnos, 1972.
Series:Coleccion de ciencias sociales. Serie de sociologia
Subjects:
LEADER 01016nam a2200253 i 4500
001 c000124732
003 CARM
005 00000000000000.0
008 850318s1972 sp 0 eng d
019 1 |a 9233422  |5 LACONCORD2021 
035 |a (OCoLC)865291  |5 LACONCORD2021 
100 1 |a Garces, Joan E. 
245 1 0 |a Desarrollo politico y desarrollo economico :  |b los casos de Chile y Colombia /  |c Joan E. Garces. 
260 |a Madrid :  |b Editorial Tecnos,  |c 1972. 
300 |a 296 p. :  |b ill. 
490 0 |a Coleccion de ciencias sociales. Serie de sociologia 
500 |a Bibliography: p. [281]-296. 
651 0 |a Chile  |x Politics and government. 
651 0 |a Colombia  |x Politics and government. 
651 0 |a Chile  |x Economic conditions. 
651 0 |a Colombia  |x Economic conditions. 
852 8 |b CARM  |h A2:AF26F0  |i C01274  |p 0072582  |f BK 
999 f f |i 8eae814c-e4b9-5ec3-a068-266730b2e4fa  |s 6821dcd8-cdc1-5fa1-b715-aac65a7ad09a 
952 f f |p Can circulate  |a CAVAL  |b CAVAL  |c CAVAL  |d CARM 1 Store  |e C01274  |f A2:AF26F0  |h Other scheme  |i book  |m 0072582